[Event "Athens op"]
[Site "Athens"]
[Date "1997.??.??"]
[Round "7"]
[White "Mangrjan, Meri A"]
[Black "Efthimiou, Efthimios"]
[Result "1-0"]
[WhiteElo "2010"]
[BlackElo "2135"]
[PlyCount "105"]
[EventDate "1997.??.??"]
[EventType "swiss"]
[EventRounds "9"]
[EventCountry "GRE"]
[SourceTitle "EXT 2004"]
[Source "ChessBase"]
[SourceDate "2003.11.25"]
[SourceVersion "1"]
[SourceVersionDate "2003.11.25"]
[SourceQuality "1"]

1. e4 d6 2. d4 Nf6 3. Nc3 c6 4. Bd3 e5 5. Nf3 Bg4 6. dxe5 dxe5 7. 0-0 Nbd7 8. h3 Bh5 9. Be3 Be7 10. Re1 0-0 11. Qd2 Bxf3 12. gxf3 Nc5 13. Rad1 Ne6 14. f4 exf4 15. Bxf4 Nh5 16. Be3 Bg5 17. Bxg5 Nxg5 18. Qe3 Qf6 19. e5 Qf4 20. Be2 Qh4 21. Kh2 Rae8 22. Rd4 Qxh3+ 23. Qxh3 Nxh3 24. Kxh3 Rxe5 25. Re4 Rxe4 26. Nxe4 Nf4+ 27. Kg3 Ng6 28. Bc4 b5 29. Bb3 a5 30. a4 Rd8 31. Nc5 Kf8 32. Nd3 h5 33. Ne5 Rd4 34. Nxc6 Rg4+ 35. Kf3 bxa4 36. Rd1 Nh4+ 37. Ke3 g5 38. Bd5 f5 39. Ne5 Rb4 40. Nd3 f4+ 41. Ke2 Rd4 42. c4 g4 43. Rh1 f3+ 44. Kd2 g3 45. fxg3 Nf5 46. Rf1 Kg7 47. Rxf3 Kf6 48. Rf4 Rxf4 49. gxf4 h4 50. Nf2 Nd4 51. Ke3 Nb3 52. Bc6 Nc5 53. Ne4+ 1-0

[Event "Athens op"]
[Site "Athens"]
[Date "1997.??.??"]
[Round "8"]
[White "Mangrjan, Meri A"]
[Black "Eftimakis, Dimitros"]
[Result "0-1"]
[WhiteElo "2010"]
[BlackElo "2120"]
[PlyCount "38"]
[EventDate "1997.??.??"]
[EventType "swiss"]
[EventRounds "9"]
[EventCountry "GRE"]
[SourceTitle "EXT 2004"]
[Source "ChessBase"]
[SourceDate "2003.11.25"]
[SourceVersion "1"]
[SourceVersionDate "2003.11.25"]
[SourceQuality "1"]

1. e4 e6 2. d4 d5 3. Nd2 a6 4. Bd3 c5 5. dxc5 Bxc5 6. Nb3 Ba7 7. Qg4 Nf6 8. Qxg7 Rg8 9. Qh6 Bxf2+ 10. Kf1 dxe4 11. Bg5 Rg6 12. Qxg6 hxg6 13. Bxe4 Ba7 14. Bf3 Qb6 15. Nh3 e5 16. Bh4 Bxh3 17. gxh3 g5 18. Be1 e4 19. Be2 Qe3 0-1

[Event "Ikaros op"]
[Site "Athens"]
[Date "1997.??.??"]
[Round "1"]
[White "Mangrjan, Meri A"]
[Black "Zahariou, Nikolaus"]
[Result "1-0"]
[WhiteElo "2000"]
[BlackElo "1650"]
[PlyCount "55"]
[EventDate "1997.??.??"]
[EventType "swiss"]
[EventRounds "7"]
[EventCountry "GRE"]
[SourceTitle "EXT 2004"]
[Source "ChessBase"]
[SourceDate "2003.11.25"]
[SourceVersion "1"]
[SourceVersionDate "2003.11.25"]
[SourceQuality "1"]

1. e4 c5 2. Nc3 Nc6 3. f4 d6 4. Nf3 Bg4 5. Bc4 e6 6. 0-0 Nd4 7. h3 Bxf3 8. Rxf3 Nxf3+ 9. Qxf3 Ne7 10. d3 Nc6 11. Be3 a6 12. f5 Ne5 13. Qe2 Nxc4 14. dxc4 Qd7 15. Rd1 Qc6 16. fxe6 fxe6 17. Qh5+ g6 18. Qg4 Qc8 19. e5 dxe5 20. Ne4 Be7 21. Bg5 h6 22. Bf6 Rg8 23. Bxe7 Kxe7 24. Qh4+ g5 25. Qxh6 Qf8 26. Qh5 Qf4 27. Qh7+ Qf7 28. Rd7+ 1-0

[Event "GRE-chT"]
[Site "Athens"]
[Date "1996.??.??"]
[Round "4"]
[White "Fakhiridou, Ekaterini"]
[Black "Mangrjan, Meri A"]
[Result "1-0"]
[WhiteElo "2170"]
[BlackElo "2010"]
[PlyCount "71"]
[EventDate "1996.??.??"]
[EventType "team"]
[EventRounds "9"]
[EventCountry "GRE"]
[SourceTitle "CBM 055 Extra"]
[Source "ChessBase"]
[SourceDate "1997.01.01"]
[SourceVersion "1"]
[SourceVersionDate "1997.01.01"]
[SourceQuality "1"]

1. e4 d5 2. exd5 Nf6 3. d4 Nxd5 4. c4 Nb6 5. Nc3 e5 6. d5 Be7 7. Nf3 f6 8. Be3 Na6 9. a3 c6 10. b4 Qc7 11. d6 Qxd6 12. Qxd6 Bxd6 13. c5 Nd5 14. Nxd5 cxd5 15. cxd6 Kd7 16. b5 Nb8 17. Bc5 b6 18. Bb4 a5 19. bxa6 Nc6 20. g3 Bxa6 21. Bh3+ Kd8 22. Kd2 e4 23. Rhc1 Bc4 24. Ne1 Nd4 25. Rab1 f5 26. Ke3 Nb3 27. Rxb3 Bxb3 28. Bxf5 g6 29. Bh3 Bc4 30. Nc2 Rb8 31. Nd4 Rb7 32. Nc6+ Ke8 33. Ne5 Rg8 34. d7+ Kd8 35. Bd6 Rc7 36. Nf7# 1-0

[Event "GRE-chT"]
[Site "Athens"]
[Date "1996.??.??"]
[Round "2"]
[White "Mangrjan, Meri A"]
[Black "Makropoulou, Marina"]
[Result "0-1"]
[WhiteElo "2010"]
[BlackElo "2250"]
[PlyCount "84"]
[EventDate "1996.??.??"]
[EventType "team"]
[EventRounds "9"]
[EventCountry "GRE"]
[SourceTitle "CBM 055 Extra"]
[Source "ChessBase"]
[SourceDate "1997.01.01"]
[SourceVersion "1"]
[SourceVersionDate "1997.01.01"]
[SourceQuality "1"]

1. e4 c5 2. Nc3 Nc6 3. f4 g6 4. Nf3 Bg7 5. Bc4 e6 6. f5 Nge7 7. fxe6 fxe6 8. d3 d5 9. Bb3 0-0 10. 0-0 b5 11. a3 c4 12. Ba2 b4 13. axb4 Nxb4 14. Bb1 Bb7 15. Qe2 cxd3 16. cxd3 Qb6+ 17. Be3 d4 18. Bf2 e5 19. Ra3 a5 20. Qd1 Kh8 21. Qb3 Bc8 22. Na4 Qe6 23. Nc5 Qxb3 24. Rxb3 Bg4 25. Bg3 Nec6 26. h3 Bxf3 27. gxf3 Bh6 28. Nd7 Rfe8 29. f4 exf4 30. Bxf4 Bxf4 31. Rxf4 Ne5 32. Nxe5 Rxe5 33. Ra3 Rc8 34. Rf1 Kg7 35. Kg2 Rcc5 36. Kf3 Rh5 37. Kg3 Rhg5+ 38. Kf3 Rc7 39. Rf2 Rcc5 40. Ba2 Nc2 41. Ra4 Ne1+ 42. Ke2 Rc2+ 0-1

[Event "URS-ch sf2 (Women) 42nd"]
[Site "Sverdvolsk"]
[Date "1982.??.??"]
[Round "?"]
[White "Zubova, Natalia S"]
[Black "Mangrjan, Meri A"]
[Result "1-0"]
[WhiteElo "2110"]
[BlackElo "1830"]
[PlyCount "47"]
[EventDate "1982.07.??"]
[EventType "tourn"]
[EventRounds "15"]
[EventCountry "URS"]
[SourceTitle "EXT 2009"]
[Source "ChessBase"]
[SourceDate "2008.11.26"]
[SourceVersion "1"]
[SourceVersionDate "2008.11.26"]
[SourceQuality "1"]

1. e4 d5 2. exd5 Nf6 3. d4 Nxd5 4. c4 Nb6 5. Nf3 g6 6. h3 Bg7 7. Nc3 Nc6 8. Be3 0-0 9. Qd2 e5 10. d5 Ne7 11. g4 f5 12. 0-0-0 fxg4 13. Ng5 gxh3 14. c5 Nf5 15. cxb6 Nxe3 16. bxc7 Qxg5 17. fxe3 Bg4 18. Re1 Rac8 19. d6 Kh8 20. Bxh3 Bxh3 21. Rxh3 Qf6 22. Rd1 Qe6 23. d7 Qxh3 24. d8Q 1-0